<?xml version="1.0" encoding="UTF-8"?>
<record
    xmlns:xsi="http://www.w3.org/2001/XMLSchema-instance"
    xsi:schemaLocation="http://www.loc.gov/MARC21/slim http://www.loc.gov/standards/marcxml/schema/MARC21slim.xsd"
    xmlns="http://www.loc.gov/MARC21/slim">

  <leader>03436nam a2200457 u 4500</leader>
  <controlfield tag="001">914393</controlfield>
  <controlfield tag="005">20260506154422.0</controlfield>
  <controlfield tag="008">050314s2002                        spa  </controlfield>
  <datafield tag="020" ind1=" " ind2=" ">
    <subfield code="a">9702402573</subfield>
  </datafield>
  <datafield tag="020" ind1=" " ind2=" ">
    <subfield code="a">970240326X</subfield>
  </datafield>
  <datafield tag="035" ind1=" " ind2=" ">
    <subfield code="a">914393</subfield>
  </datafield>
  <datafield tag="035" ind1=" " ind2=" ">
    <subfield code="a">(OCoLC)777893115</subfield>
  </datafield>
  <datafield tag="040" ind1=" " ind2=" ">
    <subfield code="c">comduadb</subfield>
  </datafield>
  <datafield tag="041" ind1=" " ind2=" ">
    <subfield code="a">spa</subfield>
  </datafield>
  <datafield tag="051" ind1=" " ind2=" ">
    <subfield code="a">QC</subfield>
  </datafield>
  <datafield tag="082" ind1=" " ind2="4">
    <subfield code="a">530</subfield>
  </datafield>
  <datafield tag="100" ind1="1" ind2="0">
    <subfield code="a">Resnick, Robert,</subfield>
    <subfield code="d">1923-2014</subfield>
    <subfield code="4">aut</subfield>
    <subfield code="e">aut</subfield>
    <subfield code="9">475911</subfield>
  </datafield>
  <datafield tag="245" ind1="1" ind2="0">
    <subfield code="a">F&#xED;sica. Volumen 1</subfield>
  </datafield>
  <datafield tag="246" ind1="1" ind2=" ">
    <subfield code="a">Physics.</subfield>
  </datafield>
  <datafield tag="250" ind1=" " ind2=" ">
    <subfield code="a">4. edici&#xF3;n</subfield>
  </datafield>
  <datafield tag="260" ind1=" " ind2=" ">
    <subfield code="a">M&#xE9;xico :</subfield>
    <subfield code="b">Grupo Patria Cultural,</subfield>
    <subfield code="c">2002.</subfield>
  </datafield>
  <datafield tag="300" ind1=" " ind2=" ">
    <subfield code="a">xiv, 607 p&#xE1;ginas :</subfield>
    <subfield code="b">ilustraciones, fotograf&#xED;as, gr&#xE1;ficos, tablas.</subfield>
  </datafield>
  <datafield tag="500" ind1=" " ind2=" ">
    <subfield code="a">GENERAL : Traducci&#xF3;n de la quinta edici&#xF3;n en ingl&#xE9;s.</subfield>
  </datafield>
  <datafield tag="505" ind1=" " ind2=" ">
    <subfield code="a">CONTENIDO : 1. Medici&#xF3;n. -- 2. Movimiento en una dimensi&#xF3;n. -- 3. Fuerzas y  las leyes de Newton. -- 4. Movimiento en dos y tres dimensiones. -- 5. Aplicaciones de las leyes de Newton. -- 6. Momento. -- 7. Sistemas de part&#xED;culas. -- 8. Cinem&#xE1;tica rotacional. -- 9. Din&#xE1;mica rotacional. -- 10. Momento angular. -- 11. Energ&#xED;a 1: Trabajo y energ&#xED;a cin&#xE9;tica. -- 12. Energ&#xED;a 2: Energ&#xED;a y potencial. -- 13. Energ&#xED;a 3: Conservaci&#xF3;n de la energ&#xED;a. -- 14. Gravitaci&#xF3;n. -- 15. Est&#xE1;tica de fluidos. -- 16. Din&#xE1;mica de fluidos. -- 17. Oscilaciones. -- 18. Movimiento ondulatorio. -- 19. Ondas sonoras. -- 20. Te&#xF3;rica especial de la relatividad. -- 21. Temperatura. -- 22. Propiedades moleculares de los gases. -- 23. La primera ley de la termodin&#xE1;mica. -- 24. Entrop&#xED;a y la segunda ley de la termodin&#xE1;mica. -- Ap&#xE9;ndices. -- Respuesta a los ejercicios y problemas impares. -- &#xCD;ndice.</subfield>
  </datafield>
  <datafield tag="520" ind1="3" ind2=" ">
    <subfield code="a">RESUMEN : Esta es la quinta edici&#xF3;n (cuarta en espa&#xF1;ol) del libro cl&#xE1;sico de David Halliday y Robert Resnick. Durante 40 a&#xF1;os ha sido un texto indispensable para los cursos introductorios de f&#xED;sica basados en el c&#xE1;lculo y ha gozado de gran prestigio por su exposici&#xF3;n clara y exhaustiva.
En esta edici&#xF3;n se ha procurado mejorar su accesibilidad sin sacrificar el nivel ni el rigor de su contenido. Los autores reescribieron gran parte del texto para darle mayor fluidez y facilitarle as&#xED; al estudiante la introducci&#xF3;n a temas nuevos. Se incluyeron adem&#xE1;s un mayor n&#xFA;mero de ejemplos pr&#xE1;cticos y problemas para resolver por computadora.
Se realizaron tambi&#xE9;n importantes cambios en el aspecto pedag&#xF3;gico y en el orden de los cap&#xED;tulos. Quienes est&#xE9;n familiarizados con la cuarta edici&#xF3;n encontrar&#xE1;n los mismos temas, s&#xF3;lo que en otro orden. Al efectuar estas revisiones se solicit&#xF3; la opini&#xF3;n de los usuarios de ediciones anteriores y se tom&#xF3; en cuenta adem&#xE1;s los avances en la investigaci&#xF3;n dedicada a la did&#xE1;ctica de la f&#xED;sica.</subfield>
  </datafield>
  <datafield tag="650" ind1=" " ind2="7">
    <subfield code="a">F&#xED;sica</subfield>
    <subfield code="2">lemb</subfield>
    <subfield code="9">28205</subfield>
  </datafield>
  <datafield tag="650" ind1=" " ind2=" ">
    <subfield code="a">Campos el&#xE9;ctricos</subfield>
    <subfield code="9">1416</subfield>
  </datafield>
  <datafield tag="650" ind1=" " ind2="7">
    <subfield code="a">Campos magn&#xE9;ticos</subfield>
    <subfield code="2">lemb</subfield>
    <subfield code="9">41917</subfield>
  </datafield>
  <datafield tag="650" ind1=" " ind2=" ">
    <subfield code="a">Difracci&#xF3;n</subfield>
    <subfield code="9">4922</subfield>
  </datafield>
  <datafield tag="650" ind1=" " ind2=" ">
    <subfield code="a">Polarizaci&#xF3;n</subfield>
    <subfield code="9">63181</subfield>
  </datafield>
  <datafield tag="650" ind1=" " ind2=" ">
    <subfield code="a">Estructura at&#xF3;mica</subfield>
    <subfield code="9">8245</subfield>
  </datafield>
  <datafield tag="650" ind1=" " ind2="7">
    <subfield code="a">F&#xED;sica nuclear</subfield>
    <subfield code="2">lemb</subfield>
    <subfield code="9">42791</subfield>
  </datafield>
  <datafield tag="700" ind1="1" ind2="0">
    <subfield code="a">Halliday, David,</subfield>
    <subfield code="d">1916-2010</subfield>
    <subfield code="4">aut</subfield>
    <subfield code="e">aut</subfield>
    <subfield code="9">241454</subfield>
  </datafield>
  <datafield tag="700" ind1="1" ind2="0">
    <subfield code="a">Krane, Kenneth S.</subfield>
    <subfield code="4">aut</subfield>
    <subfield code="e">aut</subfield>
    <subfield code="9">259897</subfield>
  </datafield>
  <datafield tag="700" ind1="1" ind2="0">
    <subfield code="a">Stanley, Paul</subfield>
    <subfield code="4">clb</subfield>
    <subfield code="e">clb</subfield>
    <subfield code="9">706980</subfield>
  </datafield>
  <datafield tag="700" ind1="1" ind2="0">
    <subfield code="a">Alatorre Miguel, Efr&#xE9;n</subfield>
    <subfield code="4">trl</subfield>
    <subfield code="0">(isni)0000000044377396</subfield>
    <subfield code="0">(viaf)58814756</subfield>
    <subfield code="e">trl</subfield>
    <subfield code="9">394233</subfield>
  </datafield>
  <datafield tag="700" ind1="1" ind2="0">
    <subfield code="a">Gen Mora, Antonio</subfield>
    <subfield code="4">rev</subfield>
    <subfield code="e">rev</subfield>
    <subfield code="9">818149</subfield>
  </datafield>
  <datafield tag="700" ind1="1" ind2="0">
    <subfield code="a">Mart&#xED;nez Rosado, Ra&#xFA;l</subfield>
    <subfield code="4">rev</subfield>
    <subfield code="e">rev</subfield>
    <subfield code="9">816083</subfield>
  </datafield>
  <datafield tag="700" ind1="1" ind2="0">
    <subfield code="a">P&#xE1;ez Mart&#xED;nez, Ricardo</subfield>
    <subfield code="4">rev</subfield>
    <subfield code="e">rev</subfield>
    <subfield code="9">809975</subfield>
  </datafield>
  <datafield tag="942" ind1=" " ind2=" ">
    <subfield code="c">BOOK</subfield>
  </datafield>
  <datafield tag="999" ind1=" " ind2=" ">
    <subfield code="c">340093</subfield>
    <subfield code="d">340093</subfield>
  </datafield>
  <datafield tag="952" ind1=" " ind2=" ">
    <subfield code="0">0</subfield>
    <subfield code="1">0</subfield>
    <subfield code="4">0</subfield>
    <subfield code="7">0</subfield>
    <subfield code="8">GEN</subfield>
    <subfield code="a">BC</subfield>
    <subfield code="b">BC</subfield>
    <subfield code="d">2005-03-14</subfield>
    <subfield code="e">CIS (Corporacion Interuniversitaria de Servicios)</subfield>
    <subfield code="g">85000.00</subfield>
    <subfield code="i">C859273</subfield>
    <subfield code="l">0</subfield>
    <subfield code="o">530 R434f 2002 v1</subfield>
    <subfield code="p">0550569</subfield>
    <subfield code="r">2023-04-26 00:00:00</subfield>
    <subfield code="t">1</subfield>
    <subfield code="w">2023-04-26</subfield>
    <subfield code="y">BOOKR</subfield>
  </datafield>
  <datafield tag="952" ind1=" " ind2=" ">
    <subfield code="0">0</subfield>
    <subfield code="1">0</subfield>
    <subfield code="4">0</subfield>
    <subfield code="7">0</subfield>
    <subfield code="8">GEN</subfield>
    <subfield code="a">BC</subfield>
    <subfield code="b">BC</subfield>
    <subfield code="d">2015-01-29</subfield>
    <subfield code="e">Material adquirido por donaci&#xF3;n</subfield>
    <subfield code="g">95000.00</subfield>
    <subfield code="i">C1220416</subfield>
    <subfield code="l">1</subfield>
    <subfield code="o">530 R434f 2002 v1 e8</subfield>
    <subfield code="p">01000478</subfield>
    <subfield code="r">2026-05-08 19:47:09</subfield>
    <subfield code="s">2026-03-26</subfield>
    <subfield code="t">2</subfield>
    <subfield code="w">2023-04-26</subfield>
    <subfield code="y">BOOK</subfield>
  </datafield>
  <datafield tag="952" ind1=" " ind2=" ">
    <subfield code="0">0</subfield>
    <subfield code="1">0</subfield>
    <subfield code="4">0</subfield>
    <subfield code="7">0</subfield>
    <subfield code="8">GEN</subfield>
    <subfield code="a">BC</subfield>
    <subfield code="b">BC</subfield>
    <subfield code="d">2010-08-11</subfield>
    <subfield code="e">Material adquirido por donaci&#xF3;n</subfield>
    <subfield code="i">C1094182</subfield>
    <subfield code="l">0</subfield>
    <subfield code="o">530 R434f 2002 v1 e7</subfield>
    <subfield code="p">0750148</subfield>
    <subfield code="r">2026-04-06 17:59:07</subfield>
    <subfield code="t">3</subfield>
    <subfield code="w">2023-04-26</subfield>
    <subfield code="y">BOOK</subfield>
  </datafield>
  <datafield tag="952" ind1=" " ind2=" ">
    <subfield code="0">0</subfield>
    <subfield code="1">0</subfield>
    <subfield code="4">0</subfield>
    <subfield code="7">0</subfield>
    <subfield code="8">GEN</subfield>
    <subfield code="a">BC</subfield>
    <subfield code="b">BC</subfield>
    <subfield code="d">2005-04-08</subfield>
    <subfield code="e">CIS (Corporacion Interuniversitaria de Servicios)</subfield>
    <subfield code="g">85000.00</subfield>
    <subfield code="i">C861084</subfield>
    <subfield code="l">0</subfield>
    <subfield code="o">530 R434f 2002 v1 e2</subfield>
    <subfield code="p">0539908</subfield>
    <subfield code="r">2024-10-16 00:00:00</subfield>
    <subfield code="t">4</subfield>
    <subfield code="w">2023-04-26</subfield>
    <subfield code="y">BOOKR</subfield>
  </datafield>
  <datafield tag="952" ind1=" " ind2=" ">
    <subfield code="0">0</subfield>
    <subfield code="1">0</subfield>
    <subfield code="4">0</subfield>
    <subfield code="7">0</subfield>
    <subfield code="8">GEN</subfield>
    <subfield code="a">BC</subfield>
    <subfield code="b">BC</subfield>
    <subfield code="d">2005-04-08</subfield>
    <subfield code="e">CIS (Corporacion Interuniversitaria de Servicios)</subfield>
    <subfield code="g">85000.00</subfield>
    <subfield code="i">C861086</subfield>
    <subfield code="l">1</subfield>
    <subfield code="o">530 R434f 2002 v1 e3</subfield>
    <subfield code="p">0539905</subfield>
    <subfield code="r">2025-07-14 13:33:24</subfield>
    <subfield code="s">2025-07-14</subfield>
    <subfield code="t">5</subfield>
    <subfield code="w">2023-04-26</subfield>
    <subfield code="y">BOOKR</subfield>
  </datafield>
  <datafield tag="952" ind1=" " ind2=" ">
    <subfield code="0">0</subfield>
    <subfield code="1">0</subfield>
    <subfield code="4">0</subfield>
    <subfield code="7">0</subfield>
    <subfield code="8">GEN</subfield>
    <subfield code="a">BC</subfield>
    <subfield code="b">BC</subfield>
    <subfield code="d">2005-05-05</subfield>
    <subfield code="e"> Librer&#xED;a Cient&#xED;fica</subfield>
    <subfield code="g">72250.00</subfield>
    <subfield code="i">C863303</subfield>
    <subfield code="l">0</subfield>
    <subfield code="o">530 R434f 2002 v1 e4</subfield>
    <subfield code="p">61000004279816</subfield>
    <subfield code="r">2025-04-07 11:12:39</subfield>
    <subfield code="t">6</subfield>
    <subfield code="w">2023-04-26</subfield>
    <subfield code="y">BOOKR</subfield>
  </datafield>
  <datafield tag="952" ind1=" " ind2=" ">
    <subfield code="0">0</subfield>
    <subfield code="1">0</subfield>
    <subfield code="4">0</subfield>
    <subfield code="7">0</subfield>
    <subfield code="8">GENERAL</subfield>
    <subfield code="a">BSP</subfield>
    <subfield code="b">BSP</subfield>
    <subfield code="d">2006-01-25</subfield>
    <subfield code="e">CIS (Corporacion Interuniversitaria de Servicios)</subfield>
    <subfield code="g">72250.00</subfield>
    <subfield code="i">C893457</subfield>
    <subfield code="l">0</subfield>
    <subfield code="o">QC4 R4-02 v1 e3</subfield>
    <subfield code="p">0585378</subfield>
    <subfield code="r">2024-05-02 00:00:00</subfield>
    <subfield code="t">7</subfield>
    <subfield code="w">2023-04-26</subfield>
    <subfield code="y">BOOK</subfield>
  </datafield>
  <datafield tag="952" ind1=" " ind2=" ">
    <subfield code="0">0</subfield>
    <subfield code="1">0</subfield>
    <subfield code="4">0</subfield>
    <subfield code="7">0</subfield>
    <subfield code="8">GENERAL</subfield>
    <subfield code="a">BSP</subfield>
    <subfield code="b">BSP</subfield>
    <subfield code="d">2006-01-25</subfield>
    <subfield code="e">CIS (Corporacion Interuniversitaria de Servicios)</subfield>
    <subfield code="g">72250.00</subfield>
    <subfield code="i">C893455</subfield>
    <subfield code="l">0</subfield>
    <subfield code="o">QC4 R4-02 v1 e2</subfield>
    <subfield code="p">0585381</subfield>
    <subfield code="r">2024-05-02 00:00:00</subfield>
    <subfield code="t">8</subfield>
    <subfield code="w">2023-04-26</subfield>
    <subfield code="y">BOOK</subfield>
  </datafield>
  <datafield tag="952" ind1=" " ind2=" ">
    <subfield code="0">0</subfield>
    <subfield code="1">0</subfield>
    <subfield code="4">0</subfield>
    <subfield code="7">0</subfield>
    <subfield code="8">GEN</subfield>
    <subfield code="a">BC</subfield>
    <subfield code="b">BC</subfield>
    <subfield code="d">2006-08-28</subfield>
    <subfield code="e">Material pagado con consignaci&#xF3;n</subfield>
    <subfield code="i">C917592</subfield>
    <subfield code="l">0</subfield>
    <subfield code="o">530 R434f 2002 v1 e5</subfield>
    <subfield code="p">0586363</subfield>
    <subfield code="r">2025-04-07 11:10:59</subfield>
    <subfield code="t">9</subfield>
    <subfield code="w">2023-04-26</subfield>
    <subfield code="y">BOOKR</subfield>
  </datafield>
  <datafield tag="952" ind1=" " ind2=" ">
    <subfield code="0">0</subfield>
    <subfield code="1">0</subfield>
    <subfield code="4">0</subfield>
    <subfield code="7">0</subfield>
    <subfield code="8">GEN</subfield>
    <subfield code="a">BC</subfield>
    <subfield code="b">BC</subfield>
    <subfield code="d">2008-09-10</subfield>
    <subfield code="e">Material pagado con el mismo t&#xED;tulo</subfield>
    <subfield code="g">50000.00</subfield>
    <subfield code="i">C1016753</subfield>
    <subfield code="l">0</subfield>
    <subfield code="o">530 R434f v1 e6</subfield>
    <subfield code="p">81823</subfield>
    <subfield code="r">2026-03-26 16:57:50</subfield>
    <subfield code="t">10</subfield>
    <subfield code="w">2023-04-26</subfield>
    <subfield code="y">BOOKR</subfield>
  </datafield>
  <datafield tag="952" ind1=" " ind2=" ">
    <subfield code="0">0</subfield>
    <subfield code="1">0</subfield>
    <subfield code="4">0</subfield>
    <subfield code="7">0</subfield>
    <subfield code="8">GEN</subfield>
    <subfield code="a">BC</subfield>
    <subfield code="b">BC</subfield>
    <subfield code="d">2010-11-22</subfield>
    <subfield code="i">C1103583</subfield>
    <subfield code="l">1</subfield>
    <subfield code="o">530 R434f 2002 v1 e6</subfield>
    <subfield code="p">0747048</subfield>
    <subfield code="r">2024-08-05 00:00:00</subfield>
    <subfield code="s">2024-05-10</subfield>
    <subfield code="t">11</subfield>
    <subfield code="w">2023-04-26</subfield>
    <subfield code="y">BOOK</subfield>
  </datafield>
  <datafield tag="952" ind1=" " ind2=" ">
    <subfield code="0">0</subfield>
    <subfield code="1">0</subfield>
    <subfield code="2">ddc</subfield>
    <subfield code="4">0</subfield>
    <subfield code="7">0</subfield>
    <subfield code="8">GEN</subfield>
    <subfield code="a">BC</subfield>
    <subfield code="b">BC</subfield>
    <subfield code="d">2022-03-22</subfield>
    <subfield code="e">Material adquirido por donaci&#xF3;n</subfield>
    <subfield code="g">85000.00</subfield>
    <subfield code="i">C13321171</subfield>
    <subfield code="l">13</subfield>
    <subfield code="o">530 R434f 2002 v1 e9</subfield>
    <subfield code="p">61000003529407</subfield>
    <subfield code="r">2026-04-28 11:41:51</subfield>
    <subfield code="s">2026-03-26</subfield>
    <subfield code="t">12</subfield>
    <subfield code="w">2023-04-26</subfield>
    <subfield code="y">BOOK</subfield>
  </datafield>
</record>
